000
00318nam a22001337a 4500
008
190305b xxu||||| |||| 00| 0 eng d
020
_a
9780534264727
041
_a
eng
080
_2
4th
_a
371
100
_a
25
101
_a
EDU
245
_a
College Reading with Active Critical Thinking
_c
Maker, J
942
_2
udc
_c
BK
999
_c
54478
_d
54478